100 największych miast w Chinach - Statystyki

Ogólne statystyki
  • Ten quiz został rozwiązany 423 razy
  • Średni wynik to 16 z 100
Statystyki odpowiedzi
Miejsce Populacja Miasto % Poprawnych
2 11,716,620 Pekin
97%
1 22,315,474 Szanghaj
89%
6 9,785,388 Wuhan
79%
4 11,071,424 Kanton
69%
12 6,501,190 Xi'an
51%
10 7,165,292 Nankin
49%
8 7,457,600 Chongqing
45%
9 7,415,590 Chengdu
44%
15 5,878,939 Harbin
43%
3 11,090,314 Tiencin
40%
5 10,358,381 Shenzhen
38%
38 3,029,372 Urumczi
37%
28 3,531,347 Xiamen
35%
22 4,087,733 Dalian
33%
24 3,718,835 Qingdao
32%
14 6,241,971 Hangzhou
31%
13 6,255,921 Shenyang
28%
37 3,093,980 Changsha
27%
23 3,855,346 Kunming
27%
58 1,179,720 Fuzhou
25%
34 3,310,268 Hefei
25%
76 803,788 Nanning
25%
17 5,345,961 Suzhou
25%
74 865,672 Wenzhou
25%
20 4,253,913 Zhengzhou
25%
30 3,491,597 Ningbo
24%
19 4,335,989 Jinan
23%
7 8,000,000 Dongguan
22%
27 3,543,719 Wuxi
21%
25 3,600,000 Foshan
20%
18 5,329,024 Shantou
19%
21 4,193,073 Changchun
16%
40 2,628,426 Lanzhou
15%
50 1,390,581 Luoyang
14%
69 949,018 Changzhou
13%
45 1,881,977 Jilin
13%
42 2,357,839 Nanchang
13%
97 666,251 Nantong
13%
59 1,171,633 Guiyang
12%
78 774,477 Hohhot
12%
35 3,129,228 Zibo
12%
44 1,940,653 Ordos
11%
87 719,332 Yantai
11%
67 995,652 Baoding
10%
61 1,052,678 Datong
9%
49 1,400,646 Fushun
9%
71 900,000 Kaifeng
9%
73 882,364 Qiqihar
9%
39 2,834,942 Shijiazhuang
9%
16 5,499,000 Tai'an
9%
33 3,372,102 Tangshan
9%
53 1,301,768 Baotou
8%
11 7,150,000 Nanchong
8%
56 1,199,275 Anshan
7%
68 987,717 Benxi
7%
70 903,039 Huaibei
7%
85 720,119 Langfang
7%
81 759,718 Qinhuangdao
7%
32 3,426,519 Taiyuan
7%
80 767,531 Xining
7%
92 689,050 Fuxin
6%
99 649,352 Guilin
6%
82 759,602 Hengyang
6%
72 889,675 Pingdingshan
6%
26 3,590,000 Puyang
6%
83 743,601 Xinxiang
6%
100 637,790 Zhanjiang
6%
88 709,358 Zhuzhou
6%
46 1,760,000 Bayan Nur
5%
43 2,000,000 Dadonghai
5%
84 743,307 Hegang
5%
98 665,915 Mudanjiang
5%
57 1,199,193 Tongshan
5%
75 840,000 Zhabei
5%
90 692,602 Zhangjiakou
5%
66 1,000,000 Zhu Cheng City
5%
86 720,000 Zhumadian
5%
91 689,961 Zigong
5%
62 1,047,700 Changshu City
4%
52 1,358,318 Handan
4%
64 1,027,655 Huainan
4%
48 1,590,668 Xinyang
4%
41 2,612,800 Yunfu
4%
65 1,001,985 Jieyang
2%
94 687,890 Liaoyang
2%
60 1,137,600 Lijiang
2%
95 674,189 Xiangtan
2%
63 1,034,081 Xianyang
2%
54 1,265,536 Xuchang
2%
36 3,121,275 Zhongshan
2%
77 781,129 Anyang
1%
89 699,514 Changzhi
1%
47 1,600,000 Kunshan
1%
29 3,500,000 Tianshui
1%
55 1,200,000 Yueyang
1%
51 1,380,000 Guankou
0%
93 688,090 Huangshi
0%
96 666,322 Puyang Chengguanzhen
0%
79 770,000 Shangyu
0%
31 3,460,000 Shiyan
0%
Nie znaleziono quizów pasujących do podanych kryteriów
Rozkład punktacji
Procent ludzi z każdym wynikiem
Percentyl według liczby udzielonych odpowiedzi
Twoja historia wyników
Nie rozwiązałeś tego quizu